Automation, production systems, and computer integrated manufacturing (Record no. 35349)

MARC details
000 -LEADER
fixed length control field 00553nam a2200145 a 4500
008 - FIXED-LENGTH DATA ELEMENTS--GENERAL INFORMATION
fixed length control field 120416s0000 ||||||||||||||||| || u
020 ## - INTERNATIONAL STANDARD BOOK NUMBER
International Standard Book Number 0130546100
050 ## - LIBRARY OF CONGRESS CALL NUMBER
Classification number TS 155.6 Gro
100 ## - MAIN ENTRY--PERSONAL NAME
Personal name Groover, Mikell P
245 10 - TITLE STATEMENT
Title Automation, production systems, and computer integrated manufacturing
260 ## - PUBLICATION, DISTRIBUTION, ETC.
Place of publication, distribution, etc. New Jersey
Name of publisher, distributor, etc. FT Prentice-Hall
Date of publication, distribution, etc. 1987
300 ## - PHYSICAL DESCRIPTION
Extent xxi, 808p. : ill
350 ## - PRICE (NR) (BK AM CF MU VM SE) [OBSOLETE]
Price 0.00
995 ## - RECOMMENDATION 995 [LOCAL, UNIMARC FRANCE]
-- 0.00
-- CBU-MAIN LIBRARY (Kitwe)
-- 1
-- 19.95
-- 1
-- AVAILABLE
-- Main Library Open Access Collection
Holdings
Withdrawn status Lost status Source of classification or shelving scheme Damaged status Not for loan Home library Current library Shelving location Date acquired Total Checkouts Full call number Barcode Date last seen Price effective from Koha item type
          CBU-MAIN LIBRARY, KITWE. CBU-MAIN LIBRARY, KITWE.   11/30/2022   TS 155.6 Gro 015482 11/30/2022 11/30/2022 MONOGRAPH